Topology

Guardat en:
Dades bibliogràfiques
Autor principal: Davis, Sheldon W (Autor)
Format: Llibre
Idioma:anglès
Publicat: Nueva York McGraw-Hill 2005
Edició:1a. ed
Matèries:
Etiquetes: Afegir etiqueta
Sense etiquetes, Sigues el primer a etiquetar aquest registre!

MARC

LEADER 00000cam a2200000 a 4500
001 UCE3172
003 CL-VaPUC
008 140821e20050000us |||||||||||||||||eng|d
020 |a 0071243399 
082 0 4 |a 514  |b DAV  |2 21 
100 0 |a Davis, Sheldon W  |e author  |9 575656 
245 1 0 |a Topology 
250 |a 1a. ed 
300 |a 293 p 
942 |c BK 
945 |d 20140821 14:35:00  |a dcastane 
260 |a Nueva York  |b McGraw-Hill  |c 2005 
650 0 |a Topología   |9 260092 
583 |a last modification  |c 20140821 14:35:00  |k Rodrigo Vera 
999 |c 356596  |d 356594 
952 |0 0  |1 0  |3 erb  |4 0  |6 514_000000000000000_DAV_2005  |7 0  |8 A  |9 464045  |a BIBMAT  |b BIBMAT  |i 5110378  |o 514 DAV 2005  |p 5110378  |r 2025-01-07  |w 2019-11-23  |y BK  |z Catalogado en:20140821  |k MAT